Sri Lanka : words-phrases.
| Published: |
Sri Lanka:
Arjuna Hulugalle Dictionaries,
1998.
|
|---|---|
| Subjects: |
| LEADER | 00478cam a2200145 7i4500 | ||
|---|---|---|---|
| 001 | 0000049662 | ||
| 005 | 20200228090000.0 | ||
| 020 | |a 9558035025 | ||
| 090 | 0 | 0 | |a PK2813 |b .S67 1998 |
| 245 | 0 | 0 | |a Sri Lanka : |b words-phrases. |
| 260 | |a Sri Lanka: |b Arjuna Hulugalle Dictionaries, |c 1998. | ||
| 300 | |a 197 p.: |b ill.; |c 14 cm. | ||
| 500 | |a Gift: Zainol Ahmad Resource Center | ||
| 650 | 0 | 0 | |a Sinhalese language (Sri Lanka) -- |x English |
| 999 | |a 0000062814 |b BOK |c REFERENCE |e Ground Floor, Bestari Jaya | ||


